| 000 | 01797nam0a2200337 4500 | ||
|---|---|---|---|
| 001 | RU\NLR\BIBL_A\022347403 | ||
| 005 | 20260420015601.0 | ||
| 010 |
_a978-5-392-41731-5 _91000 |
||
| 021 |
_aRU _bКН-П-24-048858 _9КН-П-24-4856 |
||
| 035 | _a(NLR Aleph) 022347403 | ||
| 090 |
_a13666861 _c13666861 |
||
| 100 | _a20241009d2024 u y0rusy50 ca | ||
| 101 | 0 | _arus | |
| 102 | _aRU | ||
| 105 | _aa j 000yy | ||
| 181 | 0 |
_ai _baxxe |
|
| 182 | 0 | _an | |
| 200 | 1 |
_aДеятельность адвоката при расследовании и рассмотрении уголовных дел о незаконном обороте наркотических средств _eучебное пособие _eспецкурс для магистрантов _fШ. Д. Содиков |
|
| 203 |
_aТекст _bвизуальный _cнепосредственный |
||
| 210 |
_aМосква _cПроспект _d2024 |
||
| 215 |
_a160 с. _cтабл. _d22 |
||
| 300 | _aНа задней сторонке пер. авт.: Ш. Д. Содиков – канд. юрид. наук | ||
| 320 | _aБиблиогр. в конце парагр. | ||
| 606 | 1 |
_aАдвокат в уголовном процессе _jУчебные издания для высших учебных заведений _yРоссийская Федерация _92120372 _3RU\NLR\AUTH\661280456 |
|
| 606 | 1 |
_aНаркотические средства _xНезаконный оборот _xРасследование _yРоссийская Федерация _92106538 _3RU\NLR\AUTH\661273464 |
|
| 686 | 1 | _aХ629.316я73 | |
| 700 | 1 |
_aСодиков _bШ. Д. _gШарбатулло Джаборович |
|
| 942 | _cBOOK | ||
| 980 | _aNB | ||